How much land does a man need? : (Record no. 534035)
[ view plain ]
| 000 -LEADER | |
|---|---|
| fixed length control field | 01448cam a2200349 a 4500 |
| 001 - CONTROL NUMBER | |
| control field | 2075657 |
| 003 - CONTROL NUMBER IDENTIFIER | |
| control field | NUST |
| 005 - DATE AND TIME OF LATEST TRANSACTION | |
| control field | 20200128155030.0 |
| 008 - FIXED-LENGTH DATA ELEMENTS--GENERAL INFORMATION | |
| fixed length control field | 940613s1993 enk 000 1 eng d |
| 010 ## - LIBRARY OF CONGRESS CONTROL NUMBER | |
| LC control number | 94145449 |
| 020 ## - INTERNATIONAL STANDARD BOOK NUMBER | |
| International Standard Book Number | 0140445064 (pbk.) : |
| Terms of availability | $9.95 ($12.99 Can.) |
| 035 ## - SYSTEM CONTROL NUMBER | |
| System control number | (OCoLC)29892884 |
| 038 ## - RECORD CONTENT LICENSOR | |
| Staff Name | MSOHAIL |
| 040 ## - CATALOGING SOURCE | |
| Original cataloging agency | ODa |
| Transcribing agency | ODa |
| Modifying agency | DLC |
| 041 1# - LANGUAGE CODE | |
| Language code of text/sound track or separate title | eng |
| Language code of original | rus |
| 042 ## - AUTHENTICATION CODE | |
| Authentication code | lccopycat |
| 050 00 - LIBRARY OF CONGRESS CALL NUMBER | |
| Classification number | PG3366.A15 |
| Item number | W55 1993 |
| 082 00 - DEWEY DECIMAL CLASSIFICATION NUMBER | |
| Classification number | 891.733 |
| Edition number | 20 |
| 100 1# - MAIN ENTRY--PERSONAL NAME | |
| Personal name | Tolstoy, Leo, |
| Titles and words associated with a name | graf, |
| Dates associated with a name | 1828-1910. |
| 9 (RLIN) | 28152 |
| 240 10 - UNIFORM TITLE | |
| Uniform title | Short stories. |
| Form subheading | Selections. |
| Language of a work | English |
| 245 10 - TITLE STATEMENT | |
| Title | How much land does a man need? : |
| Remainder of title | and other stories / |
| Statement of responsibility, etc. | Leo Tolstoy ; translated by Ronald Wilks ; with an introduction by A.N. Wilson. |
| 260 ## - PUBLICATION, DISTRIBUTION, ETC. | |
| Place of publication, distribution, etc. | London ; |
| -- | New York : |
| Name of publisher, distributor, etc. | Penguin Books, |
| Date of publication, distribution, etc. | c1993. |
| 300 ## - PHYSICAL DESCRIPTION | |
| Extent | xiii, 227 p. ; |
| Dimensions | 20 cm. |
| 440 #0 - SERIES STATEMENT/ADDED ENTRY--TITLE | |
| Title | Penguin classics |
| 9 (RLIN) | 11658 |
| 505 0# - FORMATTED CONTENTS NOTE | |
| Formatted contents note | The woodfelling -- Two Hussars -- How much land does a man need? -- Where love is, God is -- What men live by -- Neglect a spark and the house burns down -- The two old men -- The raid -- A prisoner of the Caucasus. |
| 600 10 - SUBJECT ADDED ENTRY--PERSONAL NAME | |
| Personal name | Tolstoy, Leo, |
| Titles and other words associated with a name | graf, |
| Dates associated with a name | 1828-1910 |
| General subdivision | Translations into English. |
| 9 (RLIN) | 28153 |
| 700 1# - ADDED ENTRY--PERSONAL NAME | |
| Personal name | Wilks, Ronald. |
| 9 (RLIN) | 28154 |
| 700 1# - ADDED ENTRY--PERSONAL NAME | |
| Personal name | Wilson, A. N., |
| Dates associated with a name | 1950- |
| 9 (RLIN) | 28155 |
| 906 ## - LOCAL DATA ELEMENT F, LDF (RLIN) | |
| a | 7 |
| b | cbc |
| c | copycat |
| d | 3 |
| e | ncip |
| f | 19 |
| g | y-gencatlg |
| 942 ## - ADDED ENTRY ELEMENTS (KOHA) | |
| Source of classification or shelving scheme | |
| Koha item type | Book |
| Withdrawn status | Lost status | Source of classification or shelving scheme | Damaged status | Not for loan | Permanent Location | Current Location | Date acquired | Total Checkouts | Full call number | Barcode | Checked out | Date last seen | Date last checked out | Price effective from | Koha item type |
|---|---|---|---|---|---|---|---|---|---|---|---|---|---|---|---|
| School of Civil and Environmental Engineering (SCEE) | School of Civil and Environmental Engineering (SCEE) | 01/28/2020 | 1 | 891.733 | NIT-9531 | 12/08/2020 | 11/23/2020 | 11/23/2020 | 01/28/2020 | Book |
